000 01350nam a2200361Ia 4500
003 CO-BoRNBP
005 20230516155035.0
007 ta
008 200115s9999 xx 000 0 und d
020 _a9789585474192
040 _aCO-BoRNBP
_bspa
_erda
_cCO-BoRNBP
041 _aspa
084 _aN ALV11
100 1 _aAlvear Sanín, Pilarica, 1942
_92053
245 0 _aCuando aprendí a pensar /
_c Pilarica Alvear Sanín ; dibujos de carátula y colofón Hernando Tejada
250 _aPrimera edición
264 1 _aBogotá :
_b Laguna Libros
_c2019
300 _a125 páginas :
_b ilustraciones ;
_c 20 cm.
336 _atexto
_btxt
_2rdacontent
337 _asin mediación
_bn
_2rdamedia
338 _avolumen
_bnc
_2rdacarrier
500 _aRecomendado para un público mayor de 15 años \ Incluye datos biográficos del autor en la solapa.
650 1 7 _aAutores colombianos siglo xx
_2ARMARC
_92054
650 1 7 _aCuriosidad infantil novela
_2ARMARC
_92055
650 1 7 _aHermanos novela
_2ARMARC
_92056
650 1 7 _aLiteratura colombiana siglo xx
_2ARMARC
_92057
650 1 7 _aNovela colombiana siglo xx
_2ARMARC
_92058
650 1 7 _aPensamiento novela
_2ARMARC
_92059
650 1 7 _aPercepcion en niños novela
_2ARMARC
_92060
650 1 7 _aVida familiar novela
_2ARMARC
_92061
700 1 _aTejada, Hernando
_92062
942 _2ddc
_cBK
999 _c9552
_d9552